Economía y cristianismo

Đã lưu trong:
Chi tiết về thư mục
Tác giả của công ty: INCEP
Định dạng: Texto
Được phát hành: Guatemala: INCEP
Các nhãn: Thêm thẻ
Không có thẻ, Là người đầu tiên thẻ bản ghi này!

MARC

LEADER 00000 a a2200000 04500
001 23272
003
040
090 |a 161000  
110 |a INCEP  
245 |a Economía y cristianismo  
260 |a Guatemala:   |b INCEP  
300 |a 224 p.  
999 |c 4858  |d 4858